000
00337nam a2200133Ia 4500
008
221030s9999 xx 000 0 und d
041
_a
English
100
_a
N. D Bhatt
245
0
_a
Engineering Drawing : Plane & Solid Geometry
_c
by N. D Bhatt, Panchal, V. M
260
_c
0
650
_a
B
700
_a
Panchal, V. M
942
_c
BK
999
_c
13940
_d
13940